Auto Modell Quiz - Tesla - Statistiken

Allgemein
  • Dieses Quiz wurde 241 mal gespielt
  • Das Durchschnittsergebnis liegt bei 5 aus 6
Antwortstatistiken
Bildquiz Antwort % Korrekt
Tesla Cybertruck
91%
Tesla Model S
84%
Tesla Model X
82%
Tesla Model Y
80%
Tesla Model 3
74%
Tesla Roadster (2008)
58%
Keine übereinstimmenden Quizze gefunden
Verteilung der Resultate
Anzahl Personen mit jedem Resultat
Perzentil nach korrekt beantworteten Fragen
Ihre Resultats-Entwicklung
Sie haben dieses Quiz noch nicht gespielt